| 000 | 00542nam a22002057a 4500 | ||
|---|---|---|---|
| 003 | OSt | ||
| 005 | 20180604174950.0 | ||
| 008 | 180604b xxu||||| |||| 00| 0 eng d | ||
| 020 | _a0716724324 | ||
| 040 | _cDDC | ||
| 082 | _a515.63 MAR 1996 | ||
| 100 |
_aMarsden,E.Jerrold;Tromba,J.Anthony; _912651 |
||
| 245 | _aVector Calculus. | ||
| 250 | _a4th Ed. | ||
| 260 |
_aNew York; _bW.H Freeman and company, _c1996. |
||
| 300 |
_axiii,627p; _bill; _c25cm. |
||
| 504 | _ait includes index. | ||
| 650 |
_aMathematics _9810 |
||
| 942 |
_2ddc _cO_SHELF |
||
| 999 |
_c6111 _d6111 |
||